| 000 | 006170000a22001330004500 | ||
|---|---|---|---|
| 100 | 1 | _aMíguez, Néstor O. | |
| 245 | 1 | 0 | _aI Apocalipsis: Un testimonio de la historia |
| 300 | _aVol. 19, Num 2 (Septiembre, 1999), Páginas 7-20 | ||
| 500 | _aCiclo de Conferencias Apocalipsis en el año 2000: Estrategias de lecturas | ||
| 520 | _aCiertos acuerdos previos 1. Una interpretación futurista, 2. Una interpretacion pretérita, 3. Una interpretación actualizadora, Ser testigo en el texto de Apocalipsis, Juan descubre la historia como testigo, | ||
| 650 | 1 | 4 | _aAPOCALIPSIS |
| 773 | 0 | _tVida y pensamiento | |
| 942 | _cANA | ||
| 999 |
_c53098 _d53098 |
||